00594nam a2200169Ia 4500003000900000008004100009040001600050080002500066110003300091245014300124260005000267300000800317500002800325650003200353650001800385650002100403IN-BaIIA211028s9999 xx 000 0 eng d cIIA Library a083.7:621.822.7bISI aIndian Standards Institution 0aIndian standard methods of evaluating static load ratings of rolling bearingsbpt. 4, thrust roller bearingscIndian Standards Institution aNew DelhibIndian Standards Institutionc1967 a4p. aIS 3823 : Part 4 : 1966 a Roller Bearings-Standards a Standards  aNASA Thesaurus